THE CURSED MELODIES / (Record no. 203839)

MARC details
000 -LEADER
fixed length control field 02045nam a2200325 i 4500
003 - CONTROL NUMBER IDENTIFIER
control field OSt
005 - DATE AND TIME OF LATEST TRANSACTION
control field 20260414143539.0
008 - FIXED-LENGTH DATA ELEMENTS--GENERAL INFORMATION
fixed length control field 241012t20252024enk dr 000 f eng d
020 ## - INTERNATIONAL STANDARD BOOK NUMBER
International Standard Book Number 9780241646151
Terms of availability RM 93.40
Qualifying information paperback
040 ## - CATALOGING SOURCE
Original cataloging agency PPAK
Language of cataloging eng
Transcribing agency PPAK
Description conventions rda
082 04 - DEWEY DECIMAL CLASSIFICATION NUMBER
Edition number 23
Classification number 823.92
090 00 - LOCALLY ASSIGNED LC-TYPE CALL NUMBER (OCLC); LOCAL CALL NUMBER (RLIN)
Classification number (OCLC) (R) ; Classification number, CALL (RLIN) (NR) 823.92
Feature heading GLY
Feature heading G
100 1# - MAIN ENTRY--PERSONAL NAME
Personal name Glynn, Connie,
Relator term eauthor.
245 10 - TITLE STATEMENT
Title THE CURSED MELODIES /
Statement of responsibility, etc. CONNIE GLYNN
264 #1 - PRODUCTION, PUBLICATION, DISTRIBUTION, MANUFACTURE, AND COPYRIGHT NOTICE
Place of production, publication, distribution, manufacture London :
Name of producer, publisher, distributor, manufacturer Penguin Books,
Date of production, publication, distribution, manufacture, or copyright notice 2025
Date of production, publication, distribution, manufacture, or copyright notice ©2024
300 ## - PHYSICAL DESCRIPTION
Extent 334 pages ;
Dimensions 24 cm
336 ## - CONTENT TYPE
Content type term text
Source rdacontent
337 ## - MEDIA TYPE
Media type term unmediated
Source rdamedia
338 ## - CARRIER TYPE
Carrier type term volume
Source rdacarrier
500 ## - GENERAL NOTE
General note "If you can hear the music, it's already too late."--Cover.
520 ## - SUMMARY, ETC.
Summary, etc. "Astrid and Jonas have only ever had each other. As twins, they share a bond. But they also share something doctors have called twisted and demonic their entire flowers whisper instructions, trees sing of their histories. The siblings are kept away from nature by their caretakers, but it still calls to them. Meanwhile, Gwen knows all about the shadow world of Bloom Bloods - people living among us who have magic running through their veins. They act under the instruction of the Queen, conserving fantastical creatures and studying the ancient melodies of magic to keep the mundane and mystic worlds in harmony. But Gwen failed her application to Fountains Abbey, the venerable school that trains up the next generation of Bloom Bloods, and she is now determined to prove her worth. A mysterious evil is spreading throughout the world; unnatural monsters are appearing in hazardous places - monsters that weave discordant magic. When the twins and Gwen collide, their unique abilities are revealed. But will their combined powers be enough to stop what's rising in the darkness?"--
Assigning source Publisher.
650 10 - SUBJECT ADDED ENTRY--TOPICAL TERM
Topical term or geographic name entry element Twins
Form subdivision Fiction
Topical term or geographic name entry element Friendship
Form subdivision Fiction
Topical term or geographic name entry element Magic
Form subdivision Fiction
655 #7 - INDEX TERM--GENRE/FORM
Genre/form data or focus term Young adult fiction
Genre/form data or focus term Fantasy fiction.
Genre/form data or focus term Romance fiction.
942 ## - ADDED ENTRY ELEMENTS (KOHA)
Source of classification or shelving scheme Dewey Decimal Classification
Koha item type Book

No items available.